000 00912nam a2200217Ia 4500
999 _c36406
_d36406
001 2320
003 GE_BSU
005 20190531200641.0
008 181216s2011||||ge |||||||||||||| ||geo||
020 _a9789994080373
040 _cGE_BSU
041 _ageo
080 _a34(479.22)(09) გ–61
100 _aგოგოლიშვილი, ოთარ
_9930
245 _aსაქართველოს სამართლის ისტორია :
_bსალექციო კურსი /
_cოთარ გოგოლიშვილი ; რედ. ომარ მახარაძე
264 _aბათუმი :
_bლაზარე+,
_c2011.
300 _a201 გვ.;
_b19 სმ.
653 _a ქართული სამართლის ისტორია
700 _aმახარაძე, ომარ
_eრედაქტორი
_9244
942 _cBK
_2udc